| 000 | 00709nam a2200217 a 4500 | ||
|---|---|---|---|
| 001 | 2949 | ||
| 003 | CDMR | ||
| 005 | 20130610100633.0 | ||
| 008 | 130130s1995||||||||||||||||||||||||||||d | ||
| 020 | _a8479352450 | ||
| 040 |
_aCDMR _bcat _cCPC LLEIDA |
||
| 100 | 1 |
_aFont i Sugranyes, Ricard _92170 |
|
| 245 | 1 | 0 |
_aNi callar ni aplaudir _b: vint anys de periodisme crític a l'Alt Pirineu (1969-1989) _cRicard Font Sugranyes ; pròleg: Margarita Rivière |
| 260 |
_aLleida _c1995 _bPagès |
||
| 300 | _a93 p. | ||
| 490 | 0 |
_aGuimet _v2 |
|
| 600 | 1 |
_92170 _aFont i Sugranyes, Ricard _vBiografia |
|
| 650 | 0 | 4 |
_93717 _aPremsa comarcal _xHistòria _zCatalunya |
| 700 | 1 |
_9849 _aRivière, Margarita _epr. |
|
| 942 |
_cMON _2udc |
||
| 999 |
_c2949 _d2949 |
||